Top Ten Tallest NBA Players - Statistics

General Stats
  • This quiz has been taken 6 times
  • The average score is 5 of 10
Answer Stats
Hint Answer % Correct
1. Manute Bol
100%
10. Victor Wembanyama
100%
2. Gheorghe Muresan
60%
5. Shawn Bradley
60%
4. Yao Ming
60%
9. Sim Bhullar
40%
7. Chuck Nevitt
20%
8. Pavel Podkolzin
20%
6. Slavko Vranes
20%
3. Tacko Fall
20%
No matching quizzes found
Score Distribution
Percent of People with Each Score
Percentile by Number Answered
Your Score History
You have not taken this quiz